Entry Personal Name
Number of records used in: 1
001 - CONTROL NUMBER
003 - CONTROL NUMBER IDENTIFIER
005 - DATE AND TIME OF LATEST TRANSACTION
- control field:
20180223141024.0
008 - FIXED-LENGTH DATA ELEMENTS
- fixed length control field:
180223|| aca||aabn | a|a d
040 ## - CATALOGING SOURCE
- Original cataloging agency:
OSt
- Transcribing agency:
OSt
100 ## - HEADING--PERSONAL NAME
- Personal name:
SUBRAHMANYAM, B.V.R
670 ## - SOURCE DATA FOUND
- Source citation:
Work cat.: (OSt)2748: SUBRAHMANYAM, B.V.R , Conduct in Government, 2005